MARC details
| 000 -BAŞLIK |
| Sabit Uzunlukta Kontrol Alanı |
00952nam a22002537a 4500 |
| 999 ## - SİSTEM KONTROL NUMARALARI (KOHA) |
| Koha Biblionumber |
15235 |
| Koha Biblioitemnumber |
15235 |
| 003 - KONTROL NUMARASI IDENTIFIER |
| Denetim Alanı |
MIRAKIL |
| 005 - SON İŞLEM TARİHİ VE ZAMANI |
| Denetim Alanı |
20230508153029.0 |
| 008 - SABİT-BOY VERİ ELEMANLARI - GENEL BİLGİLER |
| Sabit Uzunlukta Kontrol Alanı |
230508b tu ||||| |||| 00| 0 tur d |
| 020 ## - ULUSLARARASI STANDART KİTAP NUMARASI |
| Uluslararası Standart Kitap Numarası |
9789750409066 |
| 040 ## - KATALOGLAMA KAYNAK |
| Orijinal Kataloglama Ajansı |
TR-AnCHP |
| Metne Dönüştürmek Ajansı |
TR-AnCHP |
| 041 ## - DİL KODU |
| Metin / Ses Parça Veya Ayrı Başlığın Dil Kodu |
tur |
| 082 ## - DEWEY ONLU SINIFLANDIRMA NUMARASI |
| Sınıflandırma Numarası |
923.2 |
| Ürün Numarası |
S26s 2022 |
| 100 ## - ANA GİRİŞ - KİŞİSEL İSİM |
| Kişisel Ad |
Sarıhan, Şenal |
| Bir Adıyla İlişkilendirilen Başlıklar Ve Kelimeler |
CHP 27. dönem milletvekili |
| Bir Adıyla İlişkilendirilen Tarihler |
1948- |
| 245 10 - BAŞLIK TABLOSU |
| Başlık |
Savunma kürsüsünde: |
| Başlığın Kalan |
bir siyası dava avukatının anıları/ |
| Sorumluluk Tablosu, Vb |
Şenal Sarıhan. |
| 246 ## - UNVAN FORM VARYING |
| Başlık Doğru / Kısa Başlığı |
bir siyası dava avukatının anıları |
| 260 ## - YAYIN, DAĞITIM, VB |
| Yayın, Dağıtım, Vb Yeri |
İstanbul: |
| Yayıncı, Dağıtıcı, Vs Adı |
Literatür Yayınları, |
| Yayın, Dağıtım, Vb Tarihi |
2022. |
| 300 ## - FİZİKSEL TANIM |
| Kapsam |
396 s.: |
| Diğer Fiziksel Ayrıntıları |
fotg.; |
| Boyutlar |
23 sm. |
| 490 0# - SERİSİ TABLOSU |
| Seri Beyanı |
Literatür Yayınları: |
| -- |
Biyografi-otobiyografi - Anı: |
| Hacim / Ardışık Tanımı |
878. |
| -- |
20. |
| 600 #0 - KONU KATMA GİRİŞ - KURUMSAL ADI |
| 9 (RLIN) |
5215 |
| Kişisel Ad |
Sarıhan, Şenal |
| Başlıklar Ve Bir Adla İlişkili Diğer Kelimeler |
CHP 27. dönem milletvekili |
| Bir Adıyla İlişkilendirilen Tarihler |
1948- |
| Genel Alt Bölümü |
Yaşamöyküsü |
| 650 #0 - KONU KATMA GİRİŞ - TOPİKAL DÖNEM |
| 9 (RLIN) |
5379 |
| Topikal Süreli Veya Coğrafi Ad Giriş Elemanı |
Hukukçular |
| Genel Alt Bölümü |
Anılar |
| 650 #0 - KONU KATMA GİRİŞ - TOPİKAL DÖNEM |
| 9 (RLIN) |
5055 |
| Topikal Süreli Veya Coğrafi Ad Giriş Elemanı |
Siyasetçiler |
| Genel Alt Bölümü |
Anılar |
| Coğrafi Alt Bölümü |
Türkiye |
| 740 ## - KATMA GİRİŞ - KONTROLSUZ İLGİLİ / ANALİTİK BAŞLIK |
| Kontrol Edilmeyen / İlgili Analitik Başlıktaki |
bir siyası dava avukatının anıları |
| 942 ## - EKLENDİ GİRİŞ ELEMANLARI (KOHA) |
| Sınıflandırma Veya Raf Düzeni Kaynak |
Dewey Decimal Classification |
| Koha Öğesi Türü |
Books |